| 000 | 01283nam a22003497a 4500 | ||
|---|---|---|---|
| 003 | CHAP | ||
| 005 | 20220329135100.0 | ||
| 008 | 971013s1984 r 00010 d | ||
| 010 | _a30647 | ||
| 011 | _a31619 | ||
| 035 | _a35731 | ||
| 040 | _cCHAP | ||
| 090 | _aTesis | ||
| 100 | 0 | 0 |
_aMariaca Méndez, Ramón. _971356 |
| 245 | _aAlelopatía factor presente por la adición del lirio acuático (Eichhornia crassipes) como cobertura en la siembra de hortalizas | ||
| 260 |
_aCárdenas, Tab. : _bEl autor, _c1984 |
||
| 300 |
_a169 p. _b; apénd. : ilus. ; gráfs |
||
| 502 | _aTesis (Ing. Agrónomo Esp. en Agricultura Tropical) -- SARH. Colegio Superior de Agricultura Tropical | ||
| 590 |
_aALEPH _b10 _c20130110 _lUCH01 _h1252 |
||
| 590 |
_aBATCH-UPD _b10 _c20130110 _lUCH01 _h0127 |
||
| 590 |
_aBATCH-UPD _b10 _c20130110 _lUCH01 _h1105 |
||
| 590 |
_aBATCH-UPD _b10 _c20130409 _lUCH01 _h2121 |
||
| 590 |
_aBATCH-UPD _b10 _c20130410 _lUCH01 _h0658 |
||
| 590 |
_aBATCH-UPD _b10 _c20130913 _lUCH01 _h1838 |
||
| 590 |
_aCONVERSION _b10 _c20130109 _lUCH01 _h1317 |
||
| 650 | 1 | 4 |
_aAbonos verdes. _9282 |
| 650 | 1 | 4 |
_aHorticultura _xInvestigación. _956343 |
| 650 | 1 | 4 |
_aLirio acuático como abono. _967072 |
| 901 | _aBK | ||
| 942 | _cTESIS | ||
| 949 |
_bBC _cTES _d-82639 _eTS1 _h17165 _i35731 _mD _si |
||
| 999 |
_c30647 _d30647 |
||